000
00275nam a2200097Ia 4500
001
800952
005
20250826171028.0
008
250824s9999 xx 000 0 und d
245
0
_a
SEVR MAĞARASININ GİZEMLİ BEKÇİLERİ
_c
ŞEYDA KOÇ ASYALI
260
_b
NESİL ÇOCUK YAYINLARI
999
_c
800952
_d
800952